00559nam a2200193Ia 4500008004100000041001200041082001200053100006900065245004600134260002400180300000800204365000700212520001400219546001200233630004600245650001400291655001400305730004600319101110s9999 xx 000 0 und d aMARATHI bSR25172 aPednekar Hemant; Shinde Prakash; Mahajan Yuvraj; Chavan Vilasrao aBhugol jagatik prakriya va prarupe (FYBA) c2004bSheth, Mumbai a178 b75 aGeography aMARATHI aBhugol jagatik prakriya va prarupe (FYBA) aGeography aGeography aBhugol jagatik prakriya va prarupe (FYBA)